ბათუმის შოთა რუსთაველის სახელმწიფო უნივერსიტეტის ბიბლიოთეკა

სამხრეთ-დასავლეთ საქართველოს ისტორიიდან / (ბიბ.ჩანაწერი № 56222)

000 -ლიდერი
ფიქსირებული სიგრძის საკონტროლო ველი 01581nam a2200265Ia 4500
001 - საკონტროლო ნომერი
საკონტროლო ველი 23323
003 - საკონტროლო ნომრის იდენტიფიკატორი
საკონტროლო ველი GE_BSU
005 - ბოლო ოპერაციის თარიღი და დრო
საკონტროლო ველი 20251216184406.0
008 - ფიქსირებული სიგრძის მონაცემთა ელემენტები - ზოგადი ინფორმაცია
ფიქსირებული სიგრძის საკონტროლო ველი 181216s1963||||ge |||||||||||||| ||geo||
040 ## - კატალოგიზაციის წყარო
Transcribing agency GE_BSU
041 ## - ენის კოდი
Language code of text/sound track or separate title geo
080 ## - უნივერსალური ათობითი კლასიფიკაციის ინდექსი
Universal Decimal Classification number 94(479.223) მ-47
100 ## - მთავარი ჩანაწერი - პიროვნების სახელი
Personal name მეგრელიძე, შ.
9 (RLIN) 26532
245 ## - ცნობა სათაურის შესახებ
Title სამხრეთ-დასავლეთ საქართველოს ისტორიიდან /
Statement of responsibility, etc შ. მეგრელიძე ; რედ. შ. ლომსაძე ; საქ. სსრ მეცნ. აკად. აკადემიკოს ს. ჯანაშიას სახ. საქ. სახელმწ. მუზეუმი.
264 ## - წარმოების, გამოცემის, დისტრიბუციის და სხვა ცნობები
გამოცემის, წარმოების, დისტრიბუციის... ადგილი თბილისი :
გამოცემის, წარმოების, დისტრიბუციის... სახელწოდება საქ. სსრ მეცნ. აკად. გამ-ბა,
გამოცემის, წარმოების, დისტრიბუციის... თარიღი 1963.
300 ## - ფიზიკური აღწერა
Extent 201 გვ. ;
Dimensions 22 სმ.
504 ## - BIBLIOGRAPHY, ETC. NOTE
Bibliography, etc ბიბლიოგრაფია შენიშვნებში
653 ## - INDEX TERM--UNCONTROLLED
Uncontrolled term სამხრეთ-დასავლეთ საქართველოს ისტორია
653 ## - INDEX TERM--UNCONTROLLED
Uncontrolled term აჭარის ისტორია
653 ## - INDEX TERM--UNCONTROLLED
Uncontrolled term სამხრეთ-დასავლეთ საქართველოს ისტორიიდან
700 ## - ADDED ENTRY--PERSONAL NAME
Personal name ლომსაძე, შ.
Relator term რედაქტორი
9 (RLIN) 26533
710 ## - ADDED ENTRY--CORPORATE NAME
Corporate name or jurisdiction name as entry element საქ. სსრ მეცნ. აკადემია
Subordinate unit აკადემიკოს ს. ჯანაშიას სახ. საქ. სახელმწ. მუზეუმი
9 (RLIN) 26534
942 ## - ADDED ENTRY ELEMENTS (KOHA)
Koha item type წიგნი
Source of classification or shelving scheme
ეგზემპლარები
ჩამოწერის სტატუსი დაკარგული ეგზემპლარის სტატუსი კლასიფიკაციის წყარო ან თაროზე გაწყობის სქემა დაზიანების სტატუსი არ გაიცემა მუდმივი მდებარეობა (დაცვის ადგილი) ამჟამინდელი ადგილსამყოფელი თაროზე განთავსების ადგილი შეძენის თარიღი ღირებულება, შესყიდვის ნორმალური ფასი სრული შენახვის შიფრი შტრიხკოდი ბოლო ოპერაციის თარიღი ეგზემპლარის მიმდევრობითი ნომერი (კეტერი?) ფასის ძალაში შესვლის თარიღი ეგზემპლარის სახეობა საჯარო შენიშვნა
          ბათუმის შოთა რუსთაველის სახელმწიფო უნივერსიტეტის მთავარი ბიბლიოთეკა ბათუმის შოთა რუსთაველის სახელმწიფო უნივერსიტეტის მთავარი ბიბლიოთეკა წიგნსაცავი 2018-12-17 7.00 94(479.223) მ-47 28315 2018-12-17 28315 2018-12-17 წიგნი 7.00 ₾.